Statistics for Reading Materials Quiz

Click here to take the quiz!

General Stats

  • This quiz has been taken 6 times
  • The average score is 8 of 10

Answer Stats

HintAnswer% Correct
Book or collection of mapsAtlas
100%
Consists of 66 booksBible
100%
A reference source in print or electronic form containing words usually alphabetically arranged along with information about their forms, pronunciations, functions, etymologies, meanings, and syntactic and idiomatic uses.Dictionary
83%
A book or set of books giving information on many subjects or on many aspects of one subject and typically arranged alphabetically.Encyclopedia
83%
A paper that is printed and distributed usually daily or weekly and contains news, articles of opinion, features, and advertising.Newspaper
83%
Book or electronic resource that lists words in groups of synonyms and related conceptsThesaurus
83%
Book containing a calendar of days, weeks, and months and usually facts about the rising and setting of the sun and moon, changes in the tides, and information of general interest.Almanac
67%
A fictitious prose narrative of book length, typically representing character and action with some degree of realism.Novel
67%
Periodical publication containing articles and illustrations, typically covering a particular subject or area of interest.Magazine
50%
A book used as a standard work for the study of a particular subjectTextbook
50%

Score Distribution

Percentile by Number Answered

Percent of People with Each Score

Your Score History

You have not taken this quiz